1452 1880 1640 1139 1993 1660 1548 1095 1530 1544 1353 1117 1080 1917 1895 1954 1421 1085 1629 1010 1192 1711 1293 1559 1523 1237 1260 1319 1267 1593 1577 1508 1379 1060 1818 1630 1740 1751 1145 1857 1412 1544 1448 1013 1099 1877 1152 1675 1977 1540 1806 1806 1510 1579 1866 1324 1530 1951 1732 1693 1571 1508 1954 1254 1919 1725 1965 1271 1086 1130 1286 1230 1322 1794 1146 1886 1057 1439 1577 1941 1488 1221 1196 1928 1342 1235 1512 1445 1648 1889 1726 1510 1167 1794 1643 1240 1400 1585 1955 BCNSPRNW ULIB Ver.6.0+V

เปลี่ยนเป็นภาษาไทย

Change to English
 แสดงรายละเอียดบรรณานุกรม
  กลับหน้าหลัก

Brief Record : Get Marc (ISO 2709) : E-mail record : QR code < ปิดหน้าต่าง
LEADER : 00000nam 2200000uu 4500
001    13399111786
003     ULIB
008    110214s2543||||th 000 0 tha d
020    9746119338(ล.2)
050  4 HV553^bม246บ ล.2 2543
110 1  มหาวิทยาลัยสุโขทัยธรรมาธิราช^bสาขาวิชาวิทยาศาสตร์สุขภาพ
245 00 เอกสารการสอนชุดวิชา บรรเทาสาธารณภัย หน่วยที่ 8-15=^bDisaster relief /^cสาขาวิชาวิทยาศาสตร์สุขภาพ มหาวิทยาลัยสุโขทัยธรรมาธิราช
246 31 Disaster relief
250    พิมพ์ครั้งที่ 15
260    นนทบุรี:^bศูนย์หนังสือมหาวิทยาลัยสุโขทัยธรรมาธิราช,^c2543
300    462 หน้า
650  7 บรรเทาสาธารณภัย
945    ^p0^l0^i022682
945    ^p0^l0^i022683
945    ^p0^l0^i022684
945    ^p0^l0^i022685
945    ^p0^l0^i022686
945    ^p0^l0^i022687
945    ^p0^l0^i022688
945    ^p0^l0^i030291
945    ^p0^l0^i030292
945    ^p0^l0^i030293
945    ^p0^l0^i030294
945    ^p0^l0^i030295
945    ^p0^l0^i030296
945    ^p0^l0^i030297
995    ทศพร
999 ^a ใช้งานได้ทุกระบบ
รายการนี้ยังไม่มีแท็ก
คุณยังไม่ได้ล็อกอิน คุณสามารถมีกิจกรรมร่วมกับเว็บไซต์ได้ แต่ต้องล็อกอินก่อน ::
  ล็อกอิน

รายการสื่อสารสนเทศ

ลำดับที่ ประเภท เลขเรียก/บาร์โค้ด สถานที่ สถานะ
- ไม่พบข้อมูล -

รายการใกล้เคียง
    หัวเรื่อง [บรรเทาสาธารณภัย]

BibComment


ยังไม่เคยถูกคอมเมนท์

คอมเมนท์ทรัพยากรรายการนี้
  คอมเมนท์: เอกสารการสอนชุดวิ..


 Copyright 2026. Bcnsprnw @Library